000 00411nam a2200145Ia 4500
008 100122s9999 xx 000 0 und d
082 _b66684
_a926.1
100 _aमांडके अलका
245 _aहृदयस्थ
260 _bग्रंथाली प्रकाशन
_c2004
300 _a212
630 _aहृदयस्थ
730 _aहृदयस्थ
942 _cBOOK
999 _c439143
_d439140